000 00484cam a2200181ua 4500
001 6250
005 20260515114023.0
008 131126n ii |||gr||||Z||||||eng
020 _a0-7069-2312-X
040 _cMAIN
082 _a658
245 _aPrinciples & practice of management
_cBy S.S. Chatterjee
260 _aNew delhi:
_bvikas publishing house pvt ltd,
_c1983.
300 _aviii,295p.
653 _aGeneral management
700 _aChatterjee,S.S.,
_eAuthor.
942 _cBK
999 _c5397
_d5397